000 00774nam a2200253Ia 4500
003 OSt
005 20221005060059.0
006 a|||||r|||| 00| 0
007 ta
008 221004b |||||||| |||| 00| 0 eng d
020 _a9780745399782 (pbk)
_cUKP 21.99
024 _a35053
037 _bIN35543, 08/09/2017, Saras Books
_cTextual
040 _aCRL
_cCRL
_beng
041 _2eng
_aeng
082 _aSigma, Q7
100 _aThompson Michael Au.
_931697
245 0 _aRubbish theroy the creation and destruction of value
260 _aLondon
_bPluto Press UK
_c2017
300 _axiii,282p.
_ccm.
650 _aSOCIAL SCIENCES
942 _hSigma, Q7
_cTEXL
_2cc
999 _c966144
_d966144